[Event "Danzhou 9th"]
[Site "Danzhou"]
[Date "2018.08.02"]
[Round "6"]
[White "Yu, Yangyi"]
[Black "Fedoseev, Vladimir1"]
[Result "1-0"]
[WhiteElo "2762"]
[BlackElo "2707"]
[PlyCount "137"]
[EventDate "2018.07.27"]
[EventType "tourn"]
[EventRounds "7"]
[EventCountry "CHN"]
[EventCategory "20"]
[SourceTitle "CBM 186"]
[Source "ChessBase"]
[SourceDate "2018.09.14"]
[SourceVersion "1"]
[SourceVersionDate "2018.09.14"]
[SourceQuality "1"]

1. d4 d5 2. c4 e6 3. Nc3 a6 4. cxd5 exd5 5. Bf4 Nf6 6. e3 Bd6 7. Bg5 Be6 8. Bd3 Nbd7 9. f4 h6 10. Bh4 g5 11. fxg5 hxg5 12. Bxg5 Rxh2 13. Rxh2 Bxh2 14. Nge2 Bd6 15. Nf4 c5 $146 ({RR} 15... c6 16. Qf3 Bg4 17. Qf2 Qb6 18. Rc1 O-O-O 19. Bxf6 Nxf6 20. Nfxd5 Nxd5 21. Nxd5 Qa5+ 22. Nc3 Qg5 23. Kd2 Re8 24. Rf1 Kb8 25. Ne4 Qa5+ 26. Kc1 Rxe4 27. Bxe4 Qxa2 28. Qxf7 Be6 29. Qf2 Bc4 30. Rd1 {Poysti,N (2209)-Grochol,K (2023) Bohumin 2020 1-0 (44)}) ({RR} 15... Bg4 16. Qb3 Be7 17. Qxb7 Rb8 18. Qxa6 Ne4 19. Bxe4 Bxg5 20. Nfxd5 Rxb2 21. Kf1 Bxe3 22. Nxe3 Qh4 23. Qc8+ Ke7 24. Ncd5+ Ke6 25. Qe8+ Kd6 26. Nc4+ Kc6 27. Nc3# {1-0 (27) Smirin,I (2595)-Avila Pavas,S (2499) Baku AZE 2023}) 16. Nh5 cxd4 17. exd4 Qe7 18. Kf1 O-O-O 19. Nxf6 Rh8 20. Qc2 Kd8 21. Nfe4 f6 22. Nxd6 Qxd6 23. Be3 Qg3 24. Bg1 Rh1 25. Ne2 Qe3 26. Bf5 Nb6 27. b3 Rxg1+ 28. Nxg1 Qxd4 29. Rd1 Bxf5 30. Rxd4 Bxc2 31. Nf3 Kc7 32. Kf2 Kd6 33. Rg4 Nd7 34. Rg7 Bb1 35. a3 Be4 36. Nd4 b6 37. Ke3 a5 38. g3 Ne5 39. Rg8 Kd7 40. Rb8 Kc7 41. Re8 Kd6 42. Rc8 Kd7 43. Rf8 Kc7 44. Kd2 Nd7 45. Re8 Nc5 46. Ke3 Bg6 47. Rg8 Be4 48. Rf8 Nd7 49. Re8 Nc5 50. b4 axb4 51. axb4 Kd7 52. Rg8 Nd3 53. Rg7+ Kc8 54. Nc6 Ne1 55. g4 Nc2+ 56. Kf4 Bg2 57. Rh7 b5 58. Rh2 Ne1 59. Kf5 Nf3 60. Rxg2 Nh4+ 61. Kxf6 Nxg2 62. g5 Kd7 63. g6 Nf4 64. Nd4 Nh5+ 65. Kg5 Ng7 66. Nf5 Ne6+ 67. Kf6 Nc7 68. g7 Ne8+ 69. Ke5 1-0

[Event "FIDE World Cup"]
[Site "Tbilisi"]
[Date "2017.09.06"]
[Round "2.1"]
[White "Svidler, Peter"]
[Black "Erdos, Viktor"]
[Result "1/2-1/2"]
[WhiteElo "2751"]
[BlackElo "2628"]
[PlyCount "35"]
[EventDate "2017.09.03"]
[EventType "k.o."]
[EventRounds "7"]
[EventCountry "GEO"]
[SourceTitle "CBM 181"]
[Source "ChessBase"]
[SourceDate "2017.11.10"]
[SourceVersion "1"]
[SourceVersionDate "2017.11.10"]
[SourceQuality "1"]

1. c4 e6 2. Nc3 d5 3. d4 a6 4. cxd5 exd5 5. Qb3 c6 6. e4 dxe4 7. Bc4 Qe7 8. a4 Nf6 9. Nge2 g6 10. O-O Bg7 11. Ng3 O-O 12. Re1 b5 $146 ({RR} 12... Qc7 13. Bg5 Nbd7 14. Rad1 b5 15. Bf1 h6 16. Bc1 Nb6 17. axb5 axb5 18. Qc2 Be6 19. Nxb5 Qd7 20. Nc3 Nbd5 21. Ncxe4 Nxe4 22. Nxe4 Bf5 23. Qc4 Rab8 24. Nc3 Nb6 25. Qc5 Rfd8 26. Bf4 Bf8 27. Qe5 {Grochal,J (2251)-Pathak,R (1973) Helmond NED 2024 1-0 (66)}) ({RR} 12... Nbd7 13. Bf4 b5 14. axb5 cxb5 15. Bd5 Nxd5 16. Nxd5 Qh4 17. Rxe4 Nf6 18. Nxf6+ Qxf6 19. Be5 Qe6 20. Qe3 f6 21. Bf4 Qd5 22. Rc1 Bb7 23. Rc5 Qa2 24. Re7 Rf7 25. h4 Raf8 26. h5 Rxe7 27. Qxe7 {Jihan Tejas Shah (2319)-Papasimakopoulos,A (2348) chess.com INT 2026 0-1 (47)}) 13. axb5 cxb5 14. Bxb5 Qb7 15. Ba4 Qxb3 16. Bxb3 Nc6 17. Rd1 Bg4 18. Nge2 1/2-1/2

[Event "ESP-chT CECLUB Honor"]
[Site "Linares"]
[Date "2020.09.24"]
[Round "2.3"]
[White "Van Foreest, Jorden"]
[Black "Kryvoruchko, Yuriy"]
[Result "1/2-1/2"]
[WhiteElo "2682"]
[BlackElo "2682"]
[PlyCount "60"]
[EventDate "2020.09.23"]
[EventType "team-tourn"]
[EventRounds "7"]
[EventCountry "ESP"]
[SourceTitle "CBM 198 Extra"]
[Source "ChessBase"]
[SourceDate "2020.11.30"]
[SourceVersion "1"]
[SourceVersionDate "2020.11.30"]
[SourceQuality "1"]
[WhiteTeam "Paterna Andreu"]
[BlackTeam "Jaime Casas"]
[WhiteTeamCountry "ESP"]
[BlackTeamCountry "ESP"]

1. d4 d5 2. c4 e6 3. Nc3 Be7 4. cxd5 exd5 5. Bf4 c6 6. e3 Bd6 7. Bd3 ({RR} 7. Nge2 Ne7 8. Bxd6 Qxd6 9. Ng3 O-O 10. Bd3 Nd7 11. Qc2 Nf6 12. O-O-O Bd7 13. Kb1 c5 14. dxc5 Qxc5 15. e4 d4 16. Nce2 Qb6 17. Nxd4 Ng4 18. h3 Rac8 19. Qe2 Ne5 20. Bc2 N7g6 21. Bb3 a5 {Morozevich,A (2765)-Topalov,V (2780) Nice 2008 1-0 (34)}) 7... Bxf4 ({RR} 7... Ne7 8. Qc2 b6 9. Bg3 Ba6 10. Nf3 Bxd3 11. Qxd3 O-O 12. a3 a5 13. Ne5 Na6 14. O-O f6 15. Nf3 Nc7 16. Rac1 Qd7 17. Bxd6 Qxd6 18. Rfe1 Rac8 19. Rc2 Rfd8 20. Rce2 Ne6 21. g3 c5 22. e4 {Altynbek,A (2114)-Huseynova,L (2087) Montesilvano ITA 2026 ½-½ (49)}) 8. exf4 Qe7+ $146 ({RR} 8... Ne7 9. Qc2 Qd6 10. Nge2 b6 11. Qd2 Bf5 12. Bxf5 Nxf5 13. g4 Ne7 14. O-O-O Nd7 15. Qd3 Qg6 16. Qg3 f5 17. g5 O-O 18. Ng1 b5 19. Nf3 a5 20. Kb1 a4 21. Ne2 Nc8 22. Rc1 Ncb6 23. Nh4 {Cho,S (1936)-Kim,I (1901) Seoul 2021 ½-½ (82)}) 9. Nge2 Nf6 10. O-O O-O 11. Ng3 Qd6 12. Qd2 b6 13. Rfe1 Na6 14. Re5 Nc7 15. Rae1 Bd7 16. h3 Rfe8 17. a3 Rad8 18. Bc2 Bc8 19. Qd3 g6 20. Qe3 Nd7 21. Rxe8+ Rxe8 22. Qxe8+ Nxe8 23. Rxe8+ Kg7 24. Rxc8 Nf6 25. Bd3 b5 26. f5 Qd7 27. fxg6 hxg6 28. Ra8 Qb7 29. Rd8 Qc7 30. Ra8 Qb7 1/2-1/2

[Event "EU-ch Online 2300+ Qual"]
[Site "Chess.com INT"]
[Date "2020.05.29"]
[Round "4"]
[White "Dreev, Alexey"]
[Black "Rakhmanov, Alexander"]
[Result "1/2-1/2"]
[WhiteElo "2655"]
[BlackElo "2645"]
[PlyCount "52"]
[EventDate "2020.05.29"]
[EventType "swiss"]
[EventRounds "8"]
[EventCountry "NET"]
[SourceTitle "CBM 196 Extra"]
[Source "ChessBase"]
[SourceDate "2020.07.31"]
[SourceVersion "1"]
[SourceVersionDate "2020.07.31"]
[SourceQuality "1"]

1. d4 d5 2. c4 e6 3. Nc3 a6 4. cxd5 exd5 5. Qb3 c5 6. Qxd5 cxd4 7. Qxd8+ Kxd8 8. Ne4 ({RR} 8. Nd5 Be6 9. Nf4 Bb4+ 10. Bd2 Bxd2+ 11. Kxd2 Nf6 12. g3 Nc6 13. Bg2 Re8 14. Ngh3 Bxh3 15. Nxh3 Kc7 16. Rac1 Ne4+ 17. Bxe4 Rxe4 18. Nf4 g5 19. Nd3 Rae8 20. Rhe1 Kd6 21. Rc4 b5 22. Rc5 f6 {Vidit,S (2718)-Rakhmanov,A (2606) Khanty-Mansiysk 2019 ½-½ (31)}) ({RR} 8. Nd5 Be6 9. Nf4 Nc6 10. Nf3 Bb4+ 11. Bd2 Bxd2+ 12. Kxd2 Nf6 13. Nxe6+ fxe6 14. e3 Kc7 15. exd4 Rad8 16. Rc1 Kb6 17. Bd3 Nxd4 18. Ne5 Rhf8 19. Rc4 Rd5 20. Re1 Rfd8 21. Rc3 Ka7 22. Kc1 Nd7 {Dreev,A (2623)-Tristan,L (2553) Chess.com INT 2022 0-1 (50)}) 8... Bb4+ 9. Bd2 Bxd2+ 10. Nxd2 $146 ({RR} 10. Kxd2 Nc6 11. g3 Kc7 12. Bg2 Bf5 13. Nc5 Nge7 14. Nh3 Kb6 15. Rac1 Rac8 16. a3 Rhd8 17. Nf4 Ka7 18. Rhd1 b6 19. Ncd3 g5 20. Nh3 f6 21. Ke1 Na5 22. Ng1 Nb3 23. Rxc8 Rxc8 24. Nf3 Rc2 {Navrotescu,A (2333)-Nilssen,E (2160) London ENG 2025 ½-½ (95)}) 10... Nc6 11. Ngf3 Be6 12. g3 Nf6 13. Bg2 Re8 14. O-O h6 15. Rac1 Rc8 16. a3 Rc7 17. Rfd1 Kc8 18. Kf1 Kb8 19. Nc4 Rd8 20. Nce5 Nxe5 21. Nxe5 Rdc8 22. Rxc7 Rxc7 23. Ke1 Rc2 24. Rd2 Rc1+ 25. Rd1 Rc2 26. Rd2 Rc1+ 1/2-1/2

[Event "RUS-chT 28th"]
[Site "Sochi"]
[Date "2021.05.03"]
[Round "3.1"]
[White "Grachev, Boris V"]
[Black "Sakaev, Konstantin"]
[Result "1/2-1/2"]
[WhiteElo "2619"]
[BlackElo "2604"]
[PlyCount "36"]
[EventDate "2021.05.01"]
[EventType "tourn"]
[EventRounds "9"]
[EventCountry "RUS"]
[SourceTitle "CBM 202"]
[Source "ChessBase"]
[SourceDate "2021.05.27"]
[SourceVersion "1"]
[SourceVersionDate "2021.05.27"]
[SourceQuality "1"]
[WhiteTeam "Moscow Chess Team"]
[BlackTeam "St Petersburg Bronze Horseman"]
[WhiteTeamCountry "RUS"]
[BlackTeamCountry "RUS"]

1. c4 e6 2. Nc3 d5 3. d4 c6 4. e4 dxe4 5. Nxe4 Bb4+ 6. Nc3 c5 7. a3 Bxc3+ 8. bxc3 Nf6 9. Nf3 Qa5 10. Bd2 Ne4 11. Bd3 Nxd2 12. Qxd2 O-O 13. O-O cxd4 14. cxd4 Qxd2 15. Nxd2 Rd8 16. Nb3 $146 ({RR} 16. Nf3 Nc6 17. Rfd1 b6 18. d5 Na5 19. Be4 Bb7 20. Ne5 f6 21. Nc6 Bxc6 22. dxc6 Rac8 23. Rxd8+ Rxd8 24. Rc1 Nb3 25. Rb1 Nc5 26. Bf3 Kf7 27. a4 Ke7 28. a5 bxa5 29. Rb5 Kd6 30. Rxa5 a6 {Potapov,A (2316)-Sveshnikov,E (2494) Miass 2007 0-1 (64)}) 16... Bd7 17. a4 Nc6 18. Rfd1 b6 1/2-1/2

[Event "FIDE Chess.com Grand Swiss"]
[Site "Douglas"]
[Date "2019.10.18"]
[Round "8"]
[White "L'Ami, Erwin"]
[Black "Vallejo Pons, Francisco"]
[Result "0-1"]
[WhiteElo "2619"]
[BlackElo "2694"]
[PlyCount "112"]
[EventDate "2019.10.10"]
[EventType "swiss"]
[EventRounds "11"]
[EventCountry "IOM"]
[SourceTitle "CBM 193"]
[Source "ChessBase"]
[SourceDate "2019.12.31"]
[SourceVersion "1"]
[SourceVersionDate "2019.12.31"]
[SourceQuality "1"]

1. d4 e6 2. c4 d5 3. Nc3 a6 4. cxd5 exd5 5. Bf4 Nf6 6. e3 c5 7. Nf3 c4 8. Be2 b5 9. O-O Bb7 10. Ne5 Be7 11. Bf3 ({RR} 11. b3 O-O 12. bxc4 dxc4 13. Rb1 Ne4 14. Nxe4 Bxe4 15. Bf3 Qd5 16. Bxe4 Qxe4 17. a4 f6 18. Qf3 Qxf3 19. Nxf3 b4 20. Nd2 Rc8 21. Rfc1 c3 22. Nb3 a5 23. e4 Nd7 24. Kf1 Nb6 25. Ra1 Nc4 {Vachier Lagrave,M (2778)-Grachev,B (2612) Chess.com INT 2020 0-1 (42)}) 11... O-O 12. Qc2 ({RR} 12. a3 Nc6 13. Re1 Na5 14. Qc2 Nb3 15. Rad1 Qb6 16. h3 Rad8 17. g4 h6 18. Kg2 a5 19. Rh1 b4 20. axb4 axb4 21. Ne2 Ne4 22. h4 Na5 23. Ng3 Nxg3 24. Bxg3 Nc6 25. g5 Nxe5 26. Bxe5 Qg6 {Ambartsumova,K (2385)-Ibarra Jerez,J (2533) chess.com INT 2026 0-1 (67)}) 12... Nbd7 13. Rfd1 $146 ({RR} 13. Qf5 Nb6 14. a3 Ne8 15. g3 Nd6 16. Qh3 a5 17. Qg2 f6 18. Nxd5 fxe5 19. Nxe7+ Qxe7 20. dxe5 Bxf3 21. Qxf3 Nb7 22. Qc6 Na4 23. Qxb5 Nac5 24. Qxc4+ Kh8 25. e4 a4 26. Rad1 Rad8 27. Rd5 Ne6 {Ibrahimli,M (2436)-Villegas,P (2367) Chess.com INT 2021 1-0 (32)}) ({RR} 13. Qf5 Nb6 14. a3 Ne8 15. g3 Nd6 16. Qh3 a5 17. Qg2 f6 18. Nxd5 fxe5 19. Nxe7+ Qxe7 20. dxe5 Bxf3 21. Qxf3 Nb7 22. Qc6 Na4 23. Qxb5 Nac5 24. Qxc4+ Kh8 25. e4 a4 26. Rad1 Rad8 27. Rd5 Ne6 {Ibrahimli,M (2436)-Villegas,P (2367) Chess.com INT 2021 1-0 (32)}) 13... Rc8 14. a3 Nb6 15. Qf5 Na8 16. Bg5 g6 17. Qh3 Nc7 18. Bxf6 Bxf6 19. Nd7 Re8 20. Nc5 Bc6 21. Bg4 Ra8 22. Bd7 Bxd7 23. Qxd7 Qxd7 24. Nxd7 Be7 25. Nc5 a5 26. b4 Ra7 27. Rab1 axb4 28. axb4 Ra3 29. Rdc1 f5 30. g3 Kf7 31. h4 Rea8 32. Kf1 Ke8 33. Ke2 Bxc5 34. dxc5 Kd7 35. Kd2 Kc6 36. Kc2 d4 37. exd4 Nd5 38. Kd2 Nxc3 39. Rxc3 Kd5 40. Rd1 Ra2+ 41. Rc2 R2a4 42. Rb2 Ra3 43. Ke1 Re8+ 44. Re2 Re4 45. Rxe4 fxe4 46. Ke2 c3 47. f3 exf3+ 48. Kd3 f2 49. Rf1 c2+ 50. Kd2 Ra6 51. Kd3 h6 52. Kd2 g5 53. hxg5 hxg5 54. Kc3 Ke4 55. g4 Ra8 56. c6 Rc8 0-1

[Event "ESP-chT CECLUB Honor"]
[Site "Linares"]
[Date "2020.09.26"]
[Round "4.2"]
[White "Anton Guijarro, David"]
[Black "Vallejo Pons, Francisco"]
[Result "1/2-1/2"]
[WhiteElo "2688"]
[BlackElo "2710"]
[PlyCount "39"]
[EventDate "2020.09.23"]
[EventType "team-tourn"]
[EventRounds "7"]
[EventCountry "ESP"]
[SourceTitle "CBM 198 Extra"]
[Source "ChessBase"]
[SourceDate "2020.11.30"]
[SourceVersion "1"]
[SourceVersionDate "2020.11.30"]
[SourceQuality "1"]
[WhiteTeam "Beniajan Duochess CAC"]
[BlackTeam "Paterna Andreu"]
[WhiteTeamCountry "ESP"]
[BlackTeamCountry "ESP"]

1. d4 d5 2. c4 e6 3. Nf3 a6 4. cxd5 exd5 5. Nc3 c6 6. e4 dxe4 7. Ng5 Be7 8. Bc4 Bxg5 9. Qh5 Be7 10. Qxf7+ Kd7 11. Na4 Qa5+ 12. Bd2 Qxa4 13. b3 Qa3 14. Qxg7 Nf6 15. Qxh8 Qd6 16. g3 b5 17. Bf4 $146 ({RR} 17. Bf1 Qe6 18. h4 Qg8 19. Qxg8 Nxg8 20. Bh3+ Kc7 21. Bxc8 Kxc8 22. g4 Bf6 23. Kf1 Ra7 24. Re1 Re7 25. g5 Bxd4 26. h5 Nd7 27. Rh4 Nc5 28. b4 Bxf2 29. Kxf2 Nd3+ 30. Ke2 Nxe1 31. Bxe1 Kd7 {Basso,P (2551)-Kambrath,Y (2397) Cattolica 2021 1-0 (59)}) 17... Qb4+ 18. Bd2 Qd6 19. Bf4 Qb4+ 20. Bd2 1/2-1/2

[Event "RUS-chT 26th"]
[Site "Sochi"]
[Date "2019.05.01"]
[Round "1.1"]
[White "Inarkiev, Ernesto"]
[Black "Riazantsev, Alexander"]
[Result "1-0"]
[WhiteElo "2691"]
[BlackElo "2653"]
[PlyCount "185"]
[EventDate "2019.05.01"]
[EventType "team-tourn"]
[EventRounds "9"]
[EventCountry "RUS"]
[SourceTitle "CBM 190 Extra"]
[Source "ChessBase"]
[SourceDate "2019.07.15"]
[SourceVersion "1"]
[SourceVersionDate "2019.07.15"]
[SourceQuality "1"]
[WhiteTeam "Moscow Legacy Square"]
[BlackTeam "Sverdlovskaya Sima Land"]
[WhiteTeamCountry "RUS"]
[BlackTeamCountry "RUS"]

1. c4 e6 2. Nc3 d5 3. d4 Bb4 4. a3 Bxc3+ 5. bxc3 Ne7 6. e3 O-O 7. Bd3 c5 8. Nf3 Nd7 ({RR} 8... dxc4 9. Bxc4 b6 10. O-O Ba6 11. Bxa6 Nxa6 12. a4 Rc8 13. Ba3 Re8 14. Qe2 Nb8 15. Rfd1 Qc7 16. e4 Ng6 17. g3 h6 18. h4 Nd7 19. Rab1 cxd4 20. cxd4 Qc4 21. Qxc4 Rxc4 22. h5 Rxa4 23. Rb3 {Dyachuk,A (2310)-Rasulov,V (2525) chess.com INT 2026 0-1 (35)}) 9. O-O dxc4 $146 ({RR} 9... Ng6 10. a4 Re8 11. a5 dxc4 12. Bxc4 e5 13. Qb3 Qf6 14. Ng5 Qxg5 15. Bxf7+ Kf8 16. f4 exf4 17. exf4 Qe7 18. f5 Nh8 19. Bxe8 Qxe8 20. f6 Nf7 21. fxg7+ Kxg7 22. Ra2 Nf6 23. Raf2 Be6 24. c4 {Lisko,F (2241)-Palider,P (2072) Slovakia 2016 1-0}) 10. Bxc4 Qc7 11. Qe2 b6 12. e4 Bb7 13. Bd3 Ng6 14. g3 h6 15. a4 Rfd8 16. a5 bxa5 17. Be3 Rab8 18. Ra2 Bc6 19. Nd2 a4 20. h4 a6 21. Bxa6 Qa5 22. Rc1 Nf6 23. Bd3 Qa8 24. f3 cxd4 25. cxd4 Rdc8 26. Kg2 Bd7 27. Nc4 Ne8 28. h5 Nf8 29. Ne5 Rxc1 30. Bxc1 Nf6 31. Nxd7 N8xd7 32. Bb5 Nb6 33. g4 Rc8 34. Bd2 Ne8 35. Bb4 Nc7 36. Bd3 Qc6 37. Rc2 Qa8 38. Rc5 Ne8 39. Ra5 Qb8 40. Ba6 Rd8 41. Be7 Rxd4 42. Qb2 Rd1 43. Be2 Rd7 44. Bc5 Rb7 45. Rb5 a3 46. Bxa3 Nd6 47. Rb4 Nd7 48. e5 Rxb4 49. Qxb4 Qxb4 50. Bxb4 Nc8 51. f4 Ncb6 52. Kf3 Nd5 53. Bd6 f6 54. Bb5 N7b6 55. exf6 Nxf6 56. Bd3 Nbd5 57. Bg6 Nh7 58. Ba3 Nf8 59. Bc2 Kf7 60. g5 hxg5 61. fxg5 Ne7 62. Kf4 Nd7 63. Bb2 Nd5+ 64. Kf3 Ne7 65. Kg4 Nf5 66. Kf4 Nf8 67. Ba4 Nd6 68. Ba3 Nf5 69. Bc5 Nh4 70. Bc6 Nf5 71. Bb5 Nh4 72. Ba4 Nf5 73. Bc6 Ne7 74. Be4 Nd7 75. Ba3 Nd5+ 76. Kg3 Kg8 77. Bd3 Ne5 78. Bb5 Nf7 79. Kh4 Ne5 80. Bb2 Nc7 81. Ba4 Nd3 82. Bd4 Nf4 83. Bd7 Nfd5 84. Kg4 Kh7 85. Ba4 Kg8 86. Be5 Ne3+ 87. Kf3 Ned5 88. Ke4 Kf7 89. Kd4 Ne8 90. Bxe8+ Kxe8 91. Bxg7 Nf4 92. h6 Kf7 93. Be5 1-0

[Event "Dubai op 21st"]
[Site "Dubai"]
[Date "2019.04.07"]
[Round "7"]
[White "Kuzubov, Yuriy"]
[Black "Matlakov, Maxim"]
[Result "1/2-1/2"]
[WhiteElo "2644"]
[BlackElo "2692"]
[PlyCount "71"]
[EventDate "2019.04.01"]
[EventType "swiss"]
[EventRounds "9"]
[EventCountry "UAE"]
[SourceTitle "CBM 189 Extra"]
[Source "ChessBase"]
[SourceDate "2019.06.03"]
[SourceVersion "1"]
[SourceVersionDate "2019.06.03"]
[SourceQuality "1"]

1. d4 d5 2. c4 c6 3. e3 Nf6 4. Nc3 e6 5. Bd3 dxc4 6. Bxc4 Nbd7 ({RR} 6... b5 7. Bd3 Bb7 8. Ne4 Nbd7 9. Nxf6+ Nxf6 10. Nf3 a6 11. Qe2 c5 12. dxc5 Bxc5 13. Bxb5+ axb5 14. Qxb5+ Qd7 15. Qxc5 Rc8 16. Qa3 Qb5 17. Bd2 Ba6 18. Nd4 Qb7 19. f3 Nd7 20. Rc1 Rxc1+ 21. Bxc1 {Riazantsev,A (2671)-Dreev,A (2652) Doha 2016 1-0 (37)}) ({RR} 6... b5 7. Bd3 a6 8. a4 b4 9. Ne4 a5 10. Nxf6+ Qxf6 11. Nf3 Bd6 12. e4 Bf4 13. e5 Qh6 14. Bxf4 Qxf4 15. h4 O-O 16. g3 Qh6 17. Ng5 Ba6 18. Bxh7+ Kh8 19. Be4 f5 20. Bd3 Bb7 21. Bc4 {Holt,C (2553)-Ferreira,V (2128) Chess.com INT 2022 1-0 (77)}) 7. Nge2 b5 ({RR} 7... Be7 8. e4 b5 9. Bb3 b4 10. e5 bxc3 11. exf6 Nxf6 12. Nxc3 Ba6 13. h4 O-O 14. h5 c5 15. Be3 Qa5 16. dxc5 Bxc5 17. Bxc5 Qxc5 18. Qf3 Rad8 19. h6 Qe5+ 20. Qe3 Qxe3+ 21. fxe3 Rd3 22. Rh3 {Kuzubov,Y (2643)-Nasuta,G (2558) Chess.com INT 2020 0-1 (43)}) 8. Bd3 Bb7 9. a3 $146 ({RR} 9. O-O Be7 10. a3 O-O 11. f3 a6 12. b4 a5 13. Rb1 axb4 14. axb4 Qb6 15. Qc2 g6 16. e4 Ne5 17. Be3 Rfd8 18. Rfd1 Ra3 19. Bf2 Nxd3 20. Rxd3 Qa6 21. Rdd1 Ne8 22. e5 Nc7 23. Nf4 Bc8 {Grozdanic,G (2082)-Dejanovic,M (2058) Sibenik 2009 0-1 (41)}) 9... a5 10. O-O b4 11. Ne4 Nxe4 12. Bxe4 Bd6 13. Nf4 O-O 14. Qc2 Nf6 15. Bf3 Qc7 16. axb4 axb4 17. Bd2 g5 18. Nd3 g4 19. Be2 Bxh2+ 20. Kh1 Bd6 21. Bxb4 c5 22. Rxa8 Rxa8 23. Bxc5 Qc6 24. f3 Nh5 25. Rc1 Ng3+ 26. Kg1 Bxc5 27. dxc5 Qd5 28. Bd1 Qg5 29. c6 Ba6 30. Nf2 Qxe3 31. Qc3 Bd3 32. c7 Rc8 33. Rc2 Rxc7 34. Qd2 Qxd2 35. Rxd2 Bb5 36. Nxg4 1/2-1/2

[Event "Reykjavik op"]
[Site "Reykjavik"]
[Date "2019.04.15"]
[Round "8"]
[White "Gupta, Abhijeet"]
[Black "Grandelius, Nils"]
[Result "1/2-1/2"]
[WhiteElo "2602"]
[BlackElo "2687"]
[PlyCount "129"]
[EventDate "2019.04.08"]
[EventType "swiss"]
[EventRounds "9"]
[EventCountry "ISL"]
[SourceTitle "CBM 189 Extra"]
[Source "ChessBase"]
[SourceDate "2019.06.03"]
[SourceVersion "1"]
[SourceVersionDate "2019.06.03"]
[SourceQuality "1"]

1. d4 d5 2. c4 e6 3. Nc3 a6 4. cxd5 exd5 5. Nf3 h6 6. Qb3 Nf6 7. Bf4 ({RR} 7. e4 Nxe4 8. Qxd5 Nxc3 9. Qxd8+ Kxd8 10. bxc3 Be6 11. Bd3 Nd7 12. c4 Bb4+ 13. Bd2 Bxd2+ 14. Kxd2 c6 15. a4 a5 16. Rab1 Kc7 17. h3 Rad8 18. Rhc1 Nb6 19. Ra1 Rhe8 20. Kc3 c5 21. dxc5 Nd7 {Cheparinov,I (2670)-Carlsen,M (2876) chess24.com INT 2020 0-1 (44)}) 7... Bd6 8. Bg3 ({RR} 8. Be5 c6 9. e3 O-O 10. Bd3 Re8 11. O-O Bg4 12. Qxb7 Bxf3 13. Qxa8 Bxe5 14. dxe5 Ng4 15. Bf5 Nxe5 16. Qa7 Qg5 17. Bh3 Nbd7 18. Qd4 Bxg2 19. f4 Bxf1+ 20. fxg5 Bxh3 21. Rf1 hxg5 22. Rf2 Nf6 {Pichot,A (2589)-Ilko-Toth,A (2230) chess.com INT 2026 1-0 (54)}) 8... Nc6 $146 ({RR} 8... O-O 9. e3 Nc6 10. Bd3 Ne7 11. Bh4 c6 12. Bxf6 gxf6 13. Qc2 Bg4 14. h3 Bxf3 15. gxf3 Kh8 16. O-O-O Rg8 17. f4 Qd7 18. Qe2 f5 19. Qh5 Qe6 20. Ne2 c5 21. dxc5 Bxc5 22. Kb1 Qf6 23. Ng3 {Deac,B (2643)-Khusnutdinov,R (2484) Chess.com INT 2021 1-0 (33)}) ({RR} 8... Bxg3 9. hxg3 O-O 10. e3 c6 11. Bd3 Nbd7 12. Bb1 Qe7 13. Qc2 Nb6 14. Ne5 Nc4 15. Nxc4 dxc4 16. Qe2 b5 17. Qf3 Re8 18. a3 Bb7 19. Qf5 c5 20. dxc5 Rac8 21. O-O Rxc5 22. Qf4 a5 23. Ne2 {Ibrahimli,M (2430)-Grandelius,N (2655) Chess.com INT 2022 0-1}) ({RR} 8... Bxg3 9. hxg3 O-O 10. e3 b6 11. Be2 Be6 12. Ne5 c5 13. Qa3 Nbd7 14. Nxd7 Nxd7 15. dxc5 bxc5 16. Rd1 d4 17. exd4 cxd4 18. Rxd4 Qb6 19. Rd6 Qc7 20. O-O a5 21. Rfd1 Nf6 22. Nb5 Qe7 23. Bf3 {Harikrishna,P (2725)-Grandelius,N (2666) Chess.com INT 2021 1-0}) 9. e3 Bf5 10. Be2 O-O 11. O-O Bxg3 12. hxg3 Qd6 13. Rac1 Rfe8 14. Na4 b6 15. Qa3 Nb4 16. Ne5 a5 17. Nc3 c5 18. g4 Bh7 19. Qa4 Rxe5 20. dxe5 Qxe5 21. Qb5 Bd3 22. Bxd3 Nxg4 23. Rfe1 Qh2+ 24. Kf1 Qh1+ 25. Ke2 Qxg2 26. Rf1 Ne5 27. Bb1 Qf3+ 28. Ke1 Qg4 29. f4 Qg3+ 30. Ke2 Qg4+ 31. Ke1 Qg3+ 32. Ke2 Ng4 33. Rce1 c4 34. Nd1 Qg2+ 35. Rf2 Nxf2 36. Nxf2 d4 37. exd4 Nd5 38. Be4 Nxf4+ 39. Kd1 Qxf2 40. Bxa8 Qxd4+ 41. Kc2 Qf2+ 42. Kd1 Qd4+ 43. Kc1 Nd3+ 44. Kb1 Nxe1 45. Qe8+ Kh7 46. Be4+ g6 47. Qxf7+ Qg7 48. Qxc4 Qe7 49. Qc6 Qf7 50. Qc3 Qf1 51. Qc7+ Kh8 52. Qe5+ Kh7 53. Qe7+ Kh8 54. Qe8+ Kg7 55. Qxg6+ Kf8 56. Qd6+ Kf7 57. Bd5+ Kg7 58. Qe5+ Kg6 59. Be4+ Kf7 60. Qc7+ Ke6 61. Qc6+ Ke7 62. Qc7+ Ke6 63. Qc6+ Ke7 64. Qb7+ Kf6 65. Qc6+ 1/2-1/2

[Event "PNWCC Super SOS"]
[Site "Chess.com INT"]
[Date "2020.07.16"]
[Round "5"]
[White "Fedoseev, Vladimir1"]
[Black "Mamedyarov, Shakhriyar"]
[Result "1/2-1/2"]
[WhiteElo "2678"]
[BlackElo "2764"]
[PlyCount "71"]
[EventDate "2020.07.12"]
[EventType "tourn"]
[EventRounds "6"]
[EventCountry "USA"]
[EventCategory "19"]
[SourceTitle "CBM 197 Extra"]
[Source "ChessBase"]
[SourceDate "2020.09.30"]
[SourceVersion "1"]
[SourceVersionDate "2020.09.30"]
[SourceQuality "1"]

1. c4 c6 2. Nc3 d5 3. d4 e6 4. e4 dxe4 5. Nxe4 Bb4+ 6. Nc3 e5 7. a3 Bxc3+ 8. bxc3 Qa5 9. Qc2 $146 ({RR} 9. Bd2 Nf6 10. Qb1 O-O 11. Nf3 e4 12. Ne5 Nbd7 13. Nxd7 Bxd7 14. Be2 Rfe8 15. Qb4 Qc7 16. h3 e3 17. Bxe3 Rxe3 18. fxe3 Qg3+ 19. Kd1 Qxe3 20. Bf3 Bf5 21. Ra2 Be4 22. Rf1 Bxf3+ 23. gxf3 Qd3+ {Lutz,R (2028)-Papenfuss,K Bremen 2021 1-0 (41)}) ({RR} 9. Bd2 Nf6 10. Nf3 Bg4 11. Be2 Nbd7 12. h3 Bxf3 13. Bxf3 O-O 14. O-O Rfe8 15. Re1 Qc7 16. Qb3 h6 17. a4 Rab8 18. g3 Qa5 19. Be3 Nf8 20. Qb4 Qxb4 21. cxb4 exd4 22. Bxd4 Rxe1+ 23. Rxe1 Ne6 {Harikrishna,P (2719)-Kasimdzhanov,R (2661) ICC INT 2020 1-0 (51)}) ({RR} 9. Bd2 Nf6 10. Nf3 Nbd7 11. h3 O-O 12. Be2 Ne4 13. Qc2 Nxd2 14. Qxd2 Re8 15. Ra2 c5 16. O-O exd4 17. cxd4 Qxd2 18. Rxd2 Nf6 19. d5 Ne4 20. Rb2 Nd6 21. Bd3 Bd7 22. Nd2 Re7 23. f3 Re3 {Ebrahimi Herab,H (2374)-Umarov,B (2317) Manisa TUR 2026 0-1 (44)}) 9... exd4 10. Bd2 Qe5+ 11. Ne2 Bf5 12. Qb2 d3 13. Qxb7 dxe2 14. Bxe2 Nf6 15. Kf1 O-O 16. Qxa8 Ne4 17. Be3 Nxc3 18. Re1 Nxe2 19. Kxe2 Qc3 20. Kf3 Nd7 21. Qxa7 Ne5+ 22. Kg3 Nd3 23. Rd1 Qe5+ 24. f4 Qe6 25. h3 Re8 26. Bf2 c5 27. Bxc5 Be4 28. Kh2 Bxg2 29. Rxd3 Bxh1 30. Qd7 Qe1 31. Re3 Qf2+ 32. Kxh1 Qf1+ 33. Kh2 Qf2+ 34. Kh1 Qf1+ 35. Kh2 Qf2+ 36. Kh1 1/2-1/2